000
00268nam a2200109Ia 4500
008
190216s9999||||xx |||||||||||||| ||und||
100
_a
K C Keshavapilla
245
0
_a
Mahakavi K C Yude Vasantha Kritjikal
260
_b
Null
650
_a
Malayalam Kavitha
942
_c
BK
999
_c
23611
_d
23611